ქაოსიდან კოსმოსამდე : (ბიბ.ჩანაწერი № 38677)
[ მარტივი ფორმატი ]
| 000 -ლიდერი | |
|---|---|
| ფიქსირებული სიგრძის საკონტროლო ველი | 01339nam a2200241Ia 4500 |
| 001 - საკონტროლო ნომერი | |
| საკონტროლო ველი | 4919 |
| 003 - საკონტროლო ნომრის იდენტიფიკატორი | |
| საკონტროლო ველი | GE_BSU |
| 005 - ბოლო ოპერაციის თარიღი და დრო | |
| საკონტროლო ველი | 20221019160620.0 |
| 008 - ფიქსირებული სიგრძის მონაცემთა ელემენტები - ზოგადი ინფორმაცია | |
| ფიქსირებული სიგრძის საკონტროლო ველი | 181216s ||||ge |||||||||||||| ||geo|| |
| 020 ## - წიგნის საერთაშორისო სტანდარტული ნომერი | |
| International Standard Book Number | 9789941401923 |
| 040 ## - კატალოგიზაციის წყარო | |
| Transcribing agency | GE_BSU |
| 041 ## - ენის კოდი | |
| Language code of text/sound track or separate title | geo |
| 080 ## - უნივერსალური ათობითი კლასიფიკაციის ინდექსი | |
| Universal Decimal Classification number | 2-264(38)+821.14'01-343(075.3) ქ-23 |
| 245 ## - ცნობა სათაურის შესახებ | |
| Title | ქაოსიდან კოსმოსამდე : |
| Remainder of title | (ურანოსი,კრონოსი,ზევსი) / |
| Statement of responsibility, etc | წინათქმა, თხრობა, კომენტარები რისმაგ გორდეზიანისა. |
| 250 ## - გამოცემის ცნობა | |
| Edition statement | მეოთხე გამოცემა |
| 264 ## - წარმოების, გამოცემის, დისტრიბუციის და სხვა ცნობები | |
| გამოცემის, წარმოების, დისტრიბუციის... ადგილი | თბილისი : |
| გამოცემის, წარმოების, დისტრიბუციის... სახელწოდება | ლოგოსი, |
| გამოცემის, წარმოების, დისტრიბუციის... თარიღი | 2011. |
| 300 ## - ფიზიკური აღწერა | |
| Extent | 88 გვ. : |
| Other physical details | ილ. ; |
| Dimensions | 20 სმ. |
| 490 ## - სერიის ცნობა | |
| Series statement | პროგრამა "ლოგოსი". პუბლიკაციები და ღონისიძიებები კლასიკური ფილოლოლოგიის, ბიზანტინისტიკისა და ნეოგრეცისტიკის სფეროში |
| 653 ## - INDEX TERM--UNCONTROLLED | |
| Uncontrolled term | ბერძნული მითოლოგია -- ისტორია და კრიტიკა |
| 653 ## - INDEX TERM--UNCONTROLLED | |
| Uncontrolled term | ქაოსიდან კოსმოსამდე |
| 942 ## - ADDED ENTRY ELEMENTS (KOHA) | |
| Koha item type | წიგნი |
| Source of classification or shelving scheme | |
| ჩამოწერის სტატუსი | დაკარგული ეგზემპლარის სტატუსი | კლასიფიკაციის წყარო ან თაროზე გაწყობის სქემა | დაზიანების სტატუსი | არ გაიცემა | მუდმივი მდებარეობა (დაცვის ადგილი) | ამჟამინდელი ადგილსამყოფელი | თაროზე განთავსების ადგილი | შეძენის თარიღი | ღირებულება, შესყიდვის ნორმალური ფასი | სრული შენახვის შიფრი | შტრიხკოდი | ბოლო ოპერაციის თარიღი | ეგზემპლარის მიმდევრობითი ნომერი (კეტერი?) | ფასის ძალაში შესვლის თარიღი | ეგზემპლარის სახეობა | საჯარო შენიშვნა |
|---|---|---|---|---|---|---|---|---|---|---|---|---|---|---|---|---|
| ბათუმის შოთა რუსთაველის სახელმწიფო უნივერსიტეტის მთავარი ბიბლიოთეკა | ბათუმის შოთა რუსთაველის სახელმწიფო უნივერსიტეტის მთავარი ბიბლიოთეკა | წიგნსაცავი | 2018-12-17 | 6.90 | 2-264(38)+821.14'01-343(075.3) ქ-23 | 56943 | 2018-12-17 | 56943 | 2018-12-17 | წიგნი | 6.90 ₾. | |||||
| ბათუმის შოთა რუსთაველის სახელმწიფო უნივერსიტეტის მთავარი ბიბლიოთეკა | ბათუმის შოთა რუსთაველის სახელმწიფო უნივერსიტეტის მთავარი ბიბლიოთეკა | წიგნსაცავი | 2018-12-17 | 6.90 | 2-264(38)+821.14'01-343(075.3) ქ-23 | 56944 | 2018-12-17 | 56944 | 2018-12-17 | წიგნი | 6.90 ₾. | |||||
| ბათუმის შოთა რუსთაველის სახელმწიფო უნივერსიტეტის მთავარი ბიბლიოთეკა | ბათუმის შოთა რუსთაველის სახელმწიფო უნივერსიტეტის მთავარი ბიბლიოთეკა | წიგნსაცავი | 2018-12-17 | 6.90 | 2-264(38)+821.14'01-343(075.3) ქ-23 | 56945 | 2018-12-17 | 56945 | 2018-12-17 | წიგნი | 6.90 ₾. | |||||
| ბათუმის შოთა რუსთაველის სახელმწიფო უნივერსიტეტის მთავარი ბიბლიოთეკა | ბათუმის შოთა რუსთაველის სახელმწიფო უნივერსიტეტის მთავარი ბიბლიოთეკა | წიგნსაცავი | 2018-12-17 | 6.90 | 2-264(38)+821.14'01-343(075.3) ქ-23 | 56946 | 2018-12-17 | 56946 | 2018-12-17 | წიგნი | 6.90 ₾. | |||||
| ბათუმის შოთა რუსთაველის სახელმწიფო უნივერსიტეტის მთავარი ბიბლიოთეკა | ბათუმის შოთა რუსთაველის სახელმწიფო უნივერსიტეტის მთავარი ბიბლიოთეკა | წიგნსაცავი | 2018-12-17 | 6.90 | 2-264(38)+821.14'01-343(075.3) ქ-23 | 56947 | 2018-12-17 | 56947 | 2018-12-17 | წიგნი | 6.00 ₾. |
